000 00835nam a2200253 i 4500
003 DO-SdBNP
005 20260219124234.0
007 ta
008 260219b2017 dr c|||| |||| 00| 0 spa d
040 _aDO-SdBNP
_bspa
_cBNPHU
_erda
041 _aspa
082 4 _axxx
_bxxx
_222
245 0 0 _aPremio Peña y Reinoso de Magisterio Nacional
_beducación, cultura, arte, periodismo y servicio a la comunidad
264 1 _aSanto Domingo :
_b,Fundación Eduardo León Jimenes;
_bAteneo amantes de la Luz, Inc.,
_c2017.
300 _a15 páginas ;
_bretratos ;
_c21 cm.
336 _atexto
_btxt
_2rdacontent
337 _asin mediación
_bn
_2rdamedia
338 _avolumen
_bnc
_2rdacarrier
490 1 _aLuz, Progreso, Harmonía
500 _a143 aniversario
590 _aInventariado, 2026/BT
910 _aBtavárez
942 _2ddc
_cLF2
999 _c60375
_d60375